000 00359pab a2200157 454500
008 180718b2002 xxu||||| |||| 00| 0 eng d
100 _aSuguna, B.
245 _aStrategies for empowerment of rural women
260 _c2002
300 _ap.3-6.
362 _aAug
650 _aWomen
650 _aRural women
773 _aSocial Welfare
909 _a53233
999 _c53233
_d53233